|
|
|
|
| LEADER |
00896cam a2200241 7i4500 |
| 001 |
0000000831 |
| 005 |
20171108090000.0 |
| 008 |
070928 bm |
| 020 |
|
|
|a 9789835200489 (pbk.)
|
| 020 |
|
|
|a 9835200483 (pbk.)
|
| 090 |
0 |
0 |
|a TK454
|b .B33 1996
|
| 100 |
1 |
|
|a Bell, David A
|
| 245 |
1 |
0 |
|a Asas litar elektrik
|c David A. Bell ; penterjemah Shaikh Nasir Shaikh Abd. Rahman ... [et al.].
|
| 250 |
|
|
|a 4th ed.
|
| 260 |
|
|
|a Skudai, Johor:
|b Penerbit UTM,
|c 1996.
|
| 300 |
|
|
|a xx, 877p.:
|b ill.;
|c 24cm.
|
| 500 |
|
|
|a Includes index
|
| 650 |
0 |
0 |
|a Electric circuits
|
| 700 |
0 |
|
|a Shaikh Nasir Shaikh Abd. Rahman
|
| 997 |
|
|
|a Engineering & Life Sciences, Faculty
|b Engineering, Department
|
| 998 |
|
|
|a Electrical & Electronic Engineering, Diploma
|
| 999 |
|
|
|a 0000000030
|b BOK
|c OPEN SHELF
|e 2nd Floor, Bestari Jaya
|
| 999 |
|
|
|a 0000028059
|b BOK
|c OPEN SHELF
|e 2nd Floor, Bestari Jaya
|